Loading...
| History - European | 0 | 5 | 0 | 1 | 50 | 49 | 84.20 | 0 | 2 | 15.98 | 27.82 |
| Social Science | 0 | 3 | 0 | 2 | 30 | 67 | 94.33 | 0 | 1 | 6.03 | 15.64 |
| Religion | 0 | 3 | 1 | 1 | 25 | 60 | 73.67 | 0 | 3 | 10.94 | 23.18 |
| History - World | 0 | 3 | 1 | 0 | 25 | 92 | 100.67 | 0 | 0 | 5.54 | 15.55 |
| History - American | 0 | 2 | 0 | 0 | 20 | 42 | 76.50 | 1 | 1 | 7.62 | 13.00 |
| History - Other | 0 | 2 | 0 | 0 | 20 | 112 | 118.00 | 0 | 1 | 1.32 | 6.91 |
| Current Events | 0 | 1 | 0 | 0 | 10 | 81 | 81.00 | 0 | 0 | 16.25 | 22.73 |
| Literature - American | 0 | 1 | 0 | 0 | 10 | 45 | 45.00 | 0 | 0 | 6.98 | 5.45 |
| Literature - British | 0 | 1 | 0 | 0 | 10 | 126 | 126.00 | 0 | 0 | 0.87 | 2.00 |
| Mythology | 0 | 1 | 0 | 0 | 10 | 125 | 125.00 | 0 | 0 | 0.00 | 0.91 |
| Science - Chemistry | 0 | 1 | 0 | 1 | 10 | 123 | 123.00 | 0 | 0 | 0.00 | 0.91 |
| Other Academic | 0 | 1 | 1 | 0 | 5 | 88 | 88.00 | 0 | 0 | 11.60 | 6.67 |
| Literature - European | 0 | 0 | 0 | 0 | 0 | 0.00 | 0 | 0 | 0.00 | 0.00 | |
| Fine Arts - Other | 0 | 1 | 2 | 0 | 0 | 83 | 83.00 | 0 | 1 | 4.32 | 9.00 |
| Science - Physics | 0 | 0 | 0 | 0 | 0 | 0.00 | 0 | 0 | 0.00 | 0.00 | |
| Science - Biology | 0 | 0 | 1 | 0 | -5 | 0.00 | 0 | 0 | 0.00 | 0.00 | |
| Literature - World | 0 | 0 | 1 | 0 | -5 | 0.00 | 0 | 0 | 0.00 | 0.00 |